000 00480nam a2200157 a 4500
001 000012068
005 20221101131120.0
008 091104s1991 dr 000 p spa d
040 _aDO-SdBNP
_bspa
_cBNPHU
100 1 _aDotel Matos, Héctor
_91202
245 1 0 _aManual de derecho penal general y procedimiento penal /
_cHéctor Dotel Matos.
260 _aSanto Domingo :
_bCorripio,
_c1991.
300 _a515 p. ;
_c22 cm.
504 _aBibliografía : p. 513-515
049 _aBNPD
999 _c11735
_d11735